[Event "G7-1 2012"]
[Site "Helsingor"]
[Date "2012.04.08"]
[Round "6"]
[White "Hoyer, Jacob K"]
[Black "Willumsen, Niels Henrik"]
[Result "1-0"]
[WhiteElo "2053"]
[BlackElo "2127"]
[PlyCount "101"]
[EventDate "2012.??.??"]
[EventCountry "DEN"]

1. d4 d5 2. c4 c6 3. Nf3 Nf6 4. e3 e6 5. b3 Nbd7 6. Bd3 Bd6 7. Bb2 O-O 8. O-O
Ne4 9. Nbd2 f5 10. Ne5 Rf6 11. f3 Nxd2 12. Qxd2 Rh6 13. Rae1 Nf6 14. Qe2 Bd7
15. e4 dxe4 16. fxe4 Bxe5 17. dxe5 Qb6+ 18. Kh1 Ng4 19. h3 Rf8 20. exf5 exf5
21. Bc1 Rh5 22. e6 Be8 23. Bxf5 Rhxf5 24. Rxf5 Nf2+ 25. Rxf2 Qxf2 26. Ba3 Rf6
27. Qxf2 Rxf2 28. Bc5 Rf5 29. Bxa7 c5 30. Kg1 Bc6 31. Bb8 Kf8 32. Bd6+ Ke8 33.
g4 Rf3 34. Rf1 g5 35. Bxc5 Rg3+ 36. Kf2 Rxh3 37. Ke2 Kd8 38. e7+ Kc7 39. Rf8
Rg3 40. e8=Q Bxe8 41. Rxe8 Rxg4 42. Rh8 Rh4 43. Kf3 h5 44. Bf2 Rf4+ 45. Ke3 h4
46. Bxh4 Rxh4 47. Rxh4 gxh4 48. Kf4 Kd6 49. b4 h3 50. Kg3 Ke5 51. c5 1-0

[Event "G7-1 2012"]
[Site "Helsingor"]
[Date "2012.04.08"]
[Round "6"]
[White "Bruun, Henrik Emil"]
[Black "Percivaldi, Martin"]
[Result "1/2-1/2"]
[WhiteElo "1950"]
[BlackElo "1920"]
[PlyCount "113"]
[EventDate "2012.??.??"]
[EventCountry "DEN"]

1. e4 c5 2. Nf3 e6 3. d4 cxd4 4. Nxd4 a6 5. Be3 Qc7 6. Nc3 Bb4 7. Qd2 Nf6 8. f3
d5 9. exd5 Nxd5 10. Nde2 Nxe3 11. Qxe3 Nd7 12. Qd4 Bxc3+ 13. Nxc3 Qe5+ 14. Qe4
Qxe4+ 15. Nxe4 Ke7 16. O-O-O Nf6 17. Nxf6 Kxf6 18. Bd3 Ke7 19. Rhe1 g6 20. f4
Bd7 21. Be4 Rab8 22. Rd4 Rhc8 23. Red1 Rc7 24. Rd6 Rbc8 25. c3 Rg8 26. Rb6 Bc8
27. Rd4 Rd8 28. Kd2 Rxd4+ 29. cxd4 Rd7 30. Ke3 Rd6 31. Rb3 b6 32. Rc3 Kd8 33.
h4 a5 34. g4 Bd7 35. Bb7 b5 36. Rc5 Rb6 37. Bf3 Ke7 38. h5 Kd6 39. hxg6 hxg6
40. Kd3 Rb8 41. Rc1 Rh8 42. g5 Rh2 43. Rc2 Rxc2 44. Kxc2 Bc6 45. Be2 Kd5 46.
Kd3 Kd6 47. a3 Bd5 48. Kc3 Kc6 49. b4 a4 50. Kd2 Bg2 51. Ke3 Bd5 52. Bd3 Bg2
53. Bc2 Bd5 54. Bd1 Bg2 55. Bg4 Kd5 56. Be2 Kc6 57. Bd3 1/2-1/2

[Event "G7-1 2012"]
[Site "Helsingor"]
[Date "2012.04.08"]
[Round "6"]
[White "Molin, Claus"]
[Black "Vesterli, Michael E"]
[Result "0-1"]
[WhiteElo "1887"]
[BlackElo "1956"]
[PlyCount "42"]
[EventDate "2012.??.??"]
[EventCountry "DEN"]

1. c4 Nf6 2. d4 g6 3. Nc3 Bg7 4. e4 d6 5. f3 O-O 6. Be3 c5 7. d5 e6 8. Nge2
exd5 9. cxd5 Nbd7 10. Ng3 Ne5 11. Be2 b5 12. Nxb5 Rb8 13. b4 cxb4 14. Nxa7 Bd7
15. Rc1 Qa5 16. Qb3 Ba4 17. Qb1 b3+ 18. Kf2 b2 19. Rce1 Qc3 20. Nc6 Nxc6 21.
dxc6 Bc2 0-1

[Event "G7-1 2012"]
[Site "Helsingor"]
[Date "2012.04.08"]
[Round "6"]
[White "Bjorneboe, Kristian"]
[Black "Hvid, Jorn Christensen"]
[Result "0-1"]
[WhiteElo "1902"]
[BlackElo "1884"]
[PlyCount "90"]
[EventDate "2012.??.??"]
[EventCountry "DEN"]

1. d4 Nf6 2. Nf3 d5 3. e3 g6 4. Bd3 Bg7 5. Nbd2 O-O 6. c3 b6 7. e4 dxe4 8. Nxe4
Nbd7 9. O-O Bb7 10. Nxf6+ Bxf6 11. Bf4 c5 12. Re1 cxd4 13. cxd4 Bg7 14. Qe2 Re8
15. Bc4 e6 16. Ng5 Qf6 17. g3 h6 18. Ne4 Bxe4 19. Qxe4 Qxd4 20. Qxd4 Bxd4 21.
Bb5 Red8 22. Bc7 Rdc8 23. Bf4 Nf6 24. Bxh6 Ng4 25. Be3 Nxe3 26. fxe3 Bxb2 27.
Rad1 Rc5 28. Ba6 Ra5 29. Bc4 Rc8 30. Bb3 Rac5 31. Re2 Bc1 32. Rd7 a5 33. Kg2
Rc3 34. e4 Be3 35. g4 b5 36. h4 Ra8 37. h5 gxh5 38. gxh5 b4 39. Kf3 Bh6+ 40.
Kg4 a4 41. Bc2 Ra5 42. Rb7 Rg5+ 43. Kh4 Rgg3 44. Rb8+ Kg7 45. Rh2 Bg5# 0-1

[Event "G7-1 2012"]
[Site "Helsingor"]
[Date "2012.04.08"]
[Round "6"]
[White "Karstensen, Christian"]
[Black "Andersen, Rune"]
[Result "0-1"]
[WhiteElo "1912"]
[BlackElo "2111"]
[PlyCount "126"]
[EventDate "2012.??.??"]
[EventCountry "DEN"]

1. e4 c5 2. Nf3 Nc6 3. d4 cxd4 4. Nxd4 Nf6 5. Nc3 e5 6. Ndb5 d6 7. Bg5 a6 8.
Na3 b5 9. Nd5 Be7 10. Bxf6 Bxf6 11. c3 O-O 12. Nc2 Bg5 13. a4 bxa4 14. Rxa4 a5
15. Bc4 Ne7 16. O-O Nxd5 17. Bxd5 Ra7 18. b4 Qc7 19. Qa1 Bd2 20. c4 Bd7 21. b5
Qb6 22. Rd1 Bg5 23. Qc3 Rc8 24. Rda1 Bd8 25. Qd2 Qc5 26. Nb4 Bb6 27. Nd3 Qc7
28. Nc1 Be6 29. Nb3 Bxd5 30. Qxd5 g6 31. g3 Kg7 32. Kg2 f5 33. exf5 Rf8 34. Rc1
Rxf5 35. c5 dxc5 36. Nxc5 Qf7 37. Qxf7+ Raxf7 38. Ne4 Rxf2+ 39. Nxf2 Rxf2+ 40.
Kh1 Rb2 41. Raa1 Rxb5 42. Rab1 Rxb1 43. Rxb1 Bd4 44. Kg2 a4 45. Rb4 a3 46. Ra4
Bb2 47. Kf3 Kf6 48. h4 Ke6 49. Ke4 Kd6 50. g4 Kc5 51. Kd3 Kb5 52. Ra8 h5 53.
gxh5 gxh5 54. Kc2 Kc4 55. Rh8 Bd4 56. Kb1 e4 57. Rxh5 e3 58. Rh6 Be5 59. Rg6 e2
60. Rc6+ Kb3 61. Rb6+ Ka4 62. Ka2 e1=Q 63. Rb4+ Kxb4 0-1

[Event "G7-1 2012"]
[Site "Helsingor"]
[Date "2012.04.08"]
[Round "6"]
[White "Luther, Lasse"]
[Black "Oland, Arne"]
[Result "1-0"]
[WhiteElo "1907"]
[BlackElo "1878"]
[PlyCount "71"]
[EventDate "2012.??.??"]
[EventCountry "DEN"]

1. d4 f5 2. c4 Nf6 3. Nc3 e6 4. Nf3 Be7 5. Bf4 O-O 6. e3 Nh5 7. Bg3 d6 8. Qc2
Nc6 9. a3 Bf6 10. Be2 g6 11. d5 Nxg3 12. hxg3 Ne7 13. dxe6 Bxe6 14. Rd1 b6 15.
Nd4 Bf7 16. Bf3 Rc8 17. Ncb5 c5 18. Ne2 d5 19. cxd5 a6 20. Na7 Rc7 21. Nc6 Nxc6
22. dxc6 Qe7 23. Nf4 Qe5 24. Nd3 Qe7 25. Nf4 Qe5 26. Nd5 Bxd5 27. Bxd5+ Kg7 28.
O-O Rd8 29. Bf3 g5 30. Rxd8 Bxd8 31. Rd1 Bf6 32. Rd5 Qxb2 33. Qxf5 Qxa3 34.
Rd7+ Rxd7 35. Qxd7+ Kh6 36. Be4 1-0

[Event "G7-1 2012"]
[Site "Helsingor"]
[Date "2012.04.08"]
[Round "6"]
[White "Poulsen, Peter Risgaard"]
[Black "Thomsen, Kurt"]
[Result "1/2-1/2"]
[WhiteElo "1888"]
[BlackElo "1909"]
[PlyCount "90"]
[EventDate "2012.??.??"]
[EventCountry "DEN"]

1. d4 Nf6 2. Bf4 g6 3. e3 Bg7 4. h3 O-O 5. Nf3 c5 6. Nbd2 cxd4 7. exd4 d5 8.
Bd3 Nc6 9. c3 a6 10. O-O b5 11. a3 Bf5 12. Bxf5 gxf5 13. Ne5 Nxe5 14. Bxe5 Nd7
15. Bxg7 Kxg7 16. Qc2 e6 17. Rae1 Rg8 18. Nf3 Kh8 19. Qd2 Qf6 20. Qf4 Qg6 21.
g3 Qf6 22. Kh2 Nf8 23. Qe5 Qxe5 24. Nxe5 Kg7 25. a4 Ng6 26. Nd3 h5 27. f3 Kf6
28. Re2 Rgc8 29. Ra1 h4 30. g4 Kg5 31. f4+ Kf6 32. g5+ Ke7 33. Kg2 b4 34. Rc1
bxc3 35. bxc3 Rc4 36. Kf3 Rxa4 37. Rb2 Rc4 38. Nc5 Ra7 39. Rb4 Rxb4 40. cxb4
Kd6 41. Ra1 Kc6 42. Ra5 Ne7 43. b5+ Kb6 44. Rxa6+ Rxa6 45. bxa6 Ng6 1/2-1/2

[Event "G7-1 2012"]
[Site "Helsingor"]
[Date "2012.04.08"]
[Round "6"]
[White "Nielsen, Klaus"]
[Black "Fredericia, Louise Winther"]
[Result "1-0"]
[WhiteElo "2043"]
[BlackElo "2058"]
[PlyCount "75"]
[EventDate "2012.??.??"]
[EventCountry "DEN"]

1. c3 g6 2. e4 Bg7 3. d4 d6 4. Be3 Nf6 5. Nd2 O-O 6. Be2 b6 7. g4 Bb7 8. Qc2 c5
9. d5 Qc8 10. h3 Na6 11. g5 Nd7 12. f4 f5 13. gxf6 Nxf6 14. O-O-O Kh8 15. h4 e6
16. h5 gxh5 17. Bxh5 Nxh5 18. Rxh5 Qe8 19. Rh3 Rc8 20. Kb1 e5 21. f5 Rc7 22.
Ngf3 Bc8 23. Nc4 Qe7 24. Ng5 h6 25. Ne6 Bxe6 26. dxe6 Qf6 27. Nxd6 Nb8 28. Nf7+
Rcxf7 29. exf7 Rxf7 30. Rdh1 Kg8 31. Bxh6 Kf8 32. Bxg7+ Rxg7 33. Rh8+ Rg8 34.
Rxg8+ Kxg8 35. Qb3+ Kf8 36. Qd5 Nc6 37. Rh7 Ne7 38. Qd8# 1-0

[Event "G7-1 2012"]
[Site "Helsingor"]
[Date "2012.04.08"]
[Round "6"]
[White "Christensen, Casper"]
[Black "Hansen, Verner"]
[Result "1-0"]
[WhiteElo "1886"]
[BlackElo "1900"]
[PlyCount "97"]
[EventDate "2012.??.??"]
[EventCountry "DEN"]

1. e4 d5 2. exd5 Qxd5 3. Nc3 Qa5 4. Bc4 Nf6 5. d3 Bf5 6. Bd2 Qe5+ 7. Qe2 Nbd7
8. f4 Qxe2+ 9. Ngxe2 e6 10. h3 h5 11. g3 O-O-O 12. O-O-O Nb6 13. Bb3 Bc5 14.
Rde1 Nfd5 15. Nd1 Nb4 16. a3 Nc6 17. Ne3 Bg6 18. Ng2 Nd4 19. Nxd4 Bxd4 20. Be3
c5 21. Nh4 Bh7 22. Bxd4 Rxd4 23. f5 c4 24. dxc4 exf5 25. c5 Nd7 26. Bxf7 Nxc5
27. Re5 b6 28. Nxf5 Bxf5 29. Rxf5 Ne4 30. Rg1 Rhd8 31. Rff1 Ng5 32. c3 Rd2 33.
Bxh5 Rh2 34. Rh1 Rg2 35. Rfg1 Rf2 36. Rd1 Rdf8 37. Rd3 Ne4 38. Bg4+ Kb7 39.
Rhd1 Nc5 40. Re3 Nb3+ 41. Kb1 Rh2 42. Re2 Rff2 43. Rxf2 Rxf2 44. Rd7+ Ka6 45.
Rxg7 Nd2+ 46. Ka2 Nc4 47. Bc8+ Ka5 48. Rxa7+ Kb5 49. Ba6+ 1-0

[Event "G7-1 2012"]
[Site "Helsingor"]
[Date "2012.04.09"]
[Round "7"]
[White "Hvid, Jorn Christensen"]
[Black "Percivaldi, Martin"]
[Result "1-0"]
[WhiteElo "1884"]
[BlackElo "1920"]
[PlyCount "57"]
[EventDate "2012.??.??"]
[EventCountry "DEN"]

1. Nf3 d5 2. g3 Nf6 3. Bg2 c6 4. O-O e6 5. d4 Nbd7 6. b3 Bd6 7. Bb2 Ne4 8. Nbd2
f5 9. Ne5 O-O 10. Nxe4 fxe4 11. e3 Qc7 12. Nxd7 Bxd7 13. a4 Rf6 14. Ba3 Raf8
15. Bxd6 Qxd6 16. f4 exf3 17. Rxf3 Rxf3 18. Bxf3 e5 19. Bg2 Qh6 20. Qe2 Re8 21.
Qf2 Bg4 22. Rf1 Qe6 23. dxe5 Bh5 24. e4 Qxe5 25. exd5 cxd5 26. Qxa7 d4 27. Qxb7
Qe3+ 28. Kh1 Be2 29. Qf7+ 1-0

[Event "G7-1 2012"]
[Site "Helsingor"]
[Date "2012.04.09"]
[Round "7"]
[White "Schultz Pedersen, Jesper"]
[Black "Andersen, Rune"]
[Result "1-0"]
[WhiteElo "2130"]
[BlackElo "2111"]
[PlyCount "95"]
[EventDate "2012.??.??"]
[EventCountry "DEN"]

1. e4 c5 2. b4 cxb4 3. a3 d5 4. exd5 Qxd5 5. Nf3 e5 6. Bb2 Nc6 7. c4 Qe4+ 8.
Be2 Nf6 9. O-O Bd6 10. axb4 Nxb4 11. Nc3 Qf5 12. Nb5 Bb8 13. Ba3 Nc6 14. d4 e4
15. Ne5 Nxe5 16. dxe5 Qxe5 17. Nd6+ Bxd6 18. Bxd6 Qg5 19. f4 Qg6 20. Ra5 Bd7
21. Re5+ Kd8 22. Be7+ Kc8 23. Rg5 Qh6 24. Rc5+ Bc6 25. Qd6 Nd7 26. Rxc6+ bxc6
27. Qa3 Qe6 28. Rb1 a5 29. Rd1 Re8 30. Bd6 f5 31. Qa4 Nb8 32. c5 Rd8 33. Bc4
Qf6 34. Qb3 a4 35. Be6+ Rd7 36. Qa2 Qc3 37. Bxb8 Rxb8 38. Bxd7+ Kc7 39. Qf7
Qxc5+ 40. Kh1 Qf8 41. Qc4 Qd6 42. Qc1 Qf6 43. Qc5 g6 44. Qa5+ Rb6 45. Rb1 Qd4
46. Qa7+ Kd6 47. Qxb6 Qxb6 48. Rxb6 1-0

[Event "G7-1 2012"]
[Site "Helsingor"]
[Date "2012.04.09"]
[Round "7"]
[White "Sorensen, Dick"]
[Black "Luther, Lasse"]
[Result "1/2-1/2"]
[WhiteElo "1896"]
[BlackElo "1907"]
[PlyCount "75"]
[EventDate "2012.??.??"]
[EventCountry "DEN"]

1. e4 e6 2. d4 d5 3. exd5 exd5 4. Nf3 Bd6 5. c4 Qe7+ 6. Be2 dxc4 7. O-O Nf6 8.
Bxc4 O-O 9. Re1 Qd8 10. h3 c6 11. Nc3 Nbd7 12. a3 Nb6 13. Ba2 Qc7 14. Bg5 Nbd5
15. Rc1 Qa5 16. Nxd5 Nxd5 17. Bb1 Nf4 18. Qc2 Ng6 19. h4 Bg4 20. Ne5 Bxe5 21.
Rxe5 Qb6 22. Rc5 Rfe8 23. Be3 Rad8 24. h5 Nf8 25. h6 g6 26. Ba2 Be6 27. b4 Bd5
28. Bxd5 Rxd5 29. Qc4 Red8 30. Qe2 Ne6 31. Qf3 Nxc5 32. dxc5 Qc7 33. Bf4 Qe7
34. Bd6 Qg5 35. Re1 Qxh6 36. Qf6 Qg5 37. Qxg5 Rxg5 38. Re7 1/2-1/2

[Event "G7-1 2012"]
[Site "Helsingor"]
[Date "2012.04.09"]
[Round "7"]
[White "Poulsen, Peter Risgaard"]
[Black "Bruun, Henrik Emil"]
[Result "1/2-1/2"]
[WhiteElo "1888"]
[BlackElo "1950"]
[PlyCount "41"]
[EventDate "2012.??.??"]
[EventCountry "DEN"]

1. d4 Nf6 2. Bf4 g6 3. Nc3 Bg7 4. e4 d6 5. Qd2 O-O 6. O-O-O c6 7. h4 b5 8. f3
h5 9. Nh3 Qa5 10. Bh6 e5 11. Bxg7 Kxg7 12. Ng5 b4 13. Nb1 Ba6 14. f4 exf4 15.
Qxf4 Qd8 16. Nd2 d5 17. e5 Ng4 18. Re1 Qe7 19. Nb3 Bxf1 20. Rhxf1 Na6 21. Qd2
1/2-1/2

[Event "G7-1 2012"]
[Site "Helsingor"]
[Date "2012.04.09"]
[Round "7"]
[White "Bjorneboe, Kristian"]
[Black "Molin, Claus"]
[Result "1/2-1/2"]
[WhiteElo "1902"]
[BlackElo "1887"]
[PlyCount "88"]
[EventDate "2012.??.??"]
[EventCountry "DEN"]

1. d4 e6 2. Nd2 Nf6 3. Ngf3 c5 4. e3 Qa5 5. c3 cxd4 6. cxd4 b6 7. Be2 Ba6 8.
O-O Bxe2 9. Qxe2 Qa6 10. Re1 Qxe2 11. Rxe2 d5 12. e4 Nc6 13. e5 Nd7 14. Nb3 Be7
15. Bg5 h6 16. Bxe7 Kxe7 17. Rc1 Rac8 18. Rec2 Ndb8 19. Kf1 Kd7 20. Ke2 Ne7 21.
Ne1 Rxc2+ 22. Rxc2 Rc8 23. g4 Rh8 24. Rc3 h5 25. Rh3 Ng6 26. Ke3 hxg4 27. Rxh8
Nxh8 28. Kf4 Ng6+ 29. Kxg4 Ne7 30. Nc2 Nf5 31. Ne3 Nxe3+ 32. fxe3 Nc6 33. a3
Ne7 34. Nd2 Nf5 35. Kf4 Kc6 36. Nb1 Kb5 37. b3 Ne7 38. Nc3+ Kc6 39. e4 Ng6+ 40.
Ke3 Ne7 41. Kf3 b5 42. Ke3 a6 43. Kf3 Kd7 44. Ke3 Kc6 1/2-1/2

[Event "G7-1 2012"]
[Site "Helsingor"]
[Date "2012.04.09"]
[Round "7"]
[White "Thomsen, Kurt"]
[Black "Hansen, Verner"]
[Result "0-1"]
[WhiteElo "1909"]
[BlackElo "1900"]
[PlyCount "78"]
[EventDate "2012.??.??"]
[EventCountry "DEN"]

1. Nf3 d5 2. g3 Nf6 3. Bg2 Bf5 4. c4 e6 5. cxd5 exd5 6. Qb3 Bc8 7. d4 Be7 8.
Nc3 c6 9. O-O O-O 10. Bg5 Nbd7 11. Rad1 Re8 12. Rfe1 h6 13. Bxf6 Nxf6 14. Ne5
Bd6 15. f4 Rb8 16. e4 c5 17. Nb5 c4 18. Qc2 Bb4 19. Nc3 dxe4 20. Nxc4 Bf5 21.
Ne5 Rc8 22. Qb3 Bxc3 23. Qxf7+ Kh8 24. bxc3 Rc7 25. Qb3 Be6 26. Qa3 Bd5 27. Re3
b6 28. Rc1 Qc8 29. Qb4 Bxa2 30. Bxe4 Bd5 31. Ng6+ Kg8 32. Bxd5+ Nxd5 33. Qb3
Rxe3 34. Qxd5+ Kh7 35. Ne5 Rcxc3 36. Rf1 Qh3 37. Nf3 Qe6 38. Qxe6 Rxe6 39. Ra1
Rxf3 0-1

[Event "G7-1 2012"]
[Site "Helsingor"]
[Date "2012.04.09"]
[Round "7"]
[White "Willumsen, Niels Henrik"]
[Black "Nielsen, Klaus"]
[Result "1-0"]
[WhiteElo "2127"]
[BlackElo "2043"]
[PlyCount "125"]
[EventDate "2012.??.??"]
[EventCountry "DEN"]

1. e4 c5 2. Nf3 Nc6 3. Bb5 e6 4. O-O Nge7 5. b3 a6 6. Bxc6 Nxc6 7. Bb2 Qc7 8.
Re1 d6 9. a4 f6 10. Nc3 Qf7 11. d4 cxd4 12. Nxd4 Be7 13. f4 O-O 14. Nce2 d5 15.
exd5 exd5 16. Ng3 Bd6 17. Ngf5 Bxf5 18. Nxf5 Bc5+ 19. Kh1 Rad8 20. Qg4 Qg6 21.
Qh3 Rfe8 22. Rad1 Bf2 23. Rxe8+ Rxe8 24. Bc3 d4 25. Bd2 Re2 26. Nd6 f5 27. Qf3
Qe6 28. Nc4 Be1 29. Be3 Rxc2 30. Rxe1 dxe3 31. Nxe3 Rc3 32. Qf2 Rxb3 33. Qa2
Kf7 34. Qd2 Rb4 35. h3 Re4 36. Nc2 Rxe1+ 37. Nxe1 Ne7 38. Nf3 h6 39. Ne5+ Kg8
40. Qd8+ Kh7 41. Qc7 b5 42. axb5 axb5 43. Qb7 Nd5 44. Qxb5 Nxf4 45. Nf3 Qf6 46.
Qb4 g5 47. Qb7+ Kg6 48. Qc7 Qe6 49. Ne5+ Kh5 50. Qb8 Qd5 51. Qe8+ Kh4 52. Nf3+
Qxf3 53. gxf3 Kxh3 54. Qf8 Kg3 55. Qxh6 Nh3 56. Qh5 Nf2+ 57. Kg1 Nh3+ 58. Kf1
g4 59. fxg4 fxg4 60. Qe5+ Kf3 61. Qc3+ Kf4 62. Kg2 Ng5 63. Qf6+ 1-0

[Event "G7-1 2012"]
[Site "Helsingor"]
[Date "2012.04.09"]
[Round "7"]
[White "Jensen, Leif"]
[Black "Hoyer, Jacob K"]
[Result "0-1"]
[WhiteElo "1982"]
[BlackElo "2053"]
[PlyCount "90"]
[EventDate "2012.??.??"]
[EventCountry "DEN"]

1. e4 c6 2. Nf3 d5 3. Nc3 dxe4 4. Nxe4 Bf5 5. Ng3 Bg6 6. h4 h6 7. Ne5 Bh7 8.
Qh5 g6 9. Qf3 Nf6 10. Qb3 Qd5 11. Qxb7 Qxe5+ 12. Be2 e6 13. Qxa8 Qc7 14. Ba6
Nd5 15. Qb7 Qxb7 16. Bxb7 Kd8 17. d3 Kc7 18. Ba8 Bg7 19. Ne2 Nd7 20. Bxc6 Kxc6
21. c3 Nc5 22. Rh3 Rd8 23. d4 Ne4 24. g4 f5 25. f3 fxg4 26. fxe4 gxh3 27. exd5+
Rxd5 28. Bf4 Rh5 29. Kf2 Rxh4 30. Rh1 g5 31. Bg3 Be4 32. Rh2 Rh5 33. Ke3 Bg2
34. b3 Bf8 35. Be5 Rh4 36. Ng1 Re4+ 37. Kd3 Rxe5 38. dxe5 g4 39. Ne2 Bc5 40.
Nf4 Bf1+ 41. Kd2 g3 42. Rxh3 Bxh3 43. Nxh3 g2 44. b4 g1=Q 45. Nxg1 Bxg1 0-1

[Event "G7-1 2012"]
[Site "Helsingor"]
[Date "2012.04.09"]
[Round "7"]
[White "Vesterli, Michael E"]
[Black "Jensen, Morten Frank"]
[Result "1-0"]
[WhiteElo "1956"]
[BlackElo "1979"]
[PlyCount "41"]
[EventDate "2012.??.??"]
[EventCountry "DEN"]

1. d4 g6 2. e4 Bg7 3. Nc3 c5 4. d5 d6 5. f4 Nh6 6. Nf3 Bg4 7. Bc4 Nd7 8. h3
Bxf3 9. Qxf3 a6 10. a4 b6 11. b3 O-O 12. Bb2 Qc7 13. g4 g5 14. fxg5 f5 15. gxh6
fxe4 16. Qxe4 Be5 17. O-O-O b5 18. axb5 Nf6 19. Qf5 axb5 20. Bxb5 Qa5 21. Qg5+
1-0

[Event "G7-1 2012"]
[Site "Helsingor"]
[Date "2012.04.09"]
[Round "7"]
[White "Fredericia, Louise Winther"]
[Black "Karstensen, Christian"]
[Result "0-1"]
[WhiteElo "2058"]
[BlackElo "1912"]
[PlyCount "56"]
[EventDate "2012.??.??"]
[EventCountry "DEN"]

1. c4 e5 2. g3 d6 3. Bg2 f5 4. Nc3 Nf6 5. d3 c6 6. e4 Be7 7. Nge2 O-O 8. O-O
Be6 9. b3 Nbd7 10. exf5 Bxf5 11. d4 Qe8 12. h3 Qh5 13. h4 Ng4 14. f3 Nh6 15.
Qe1 g5 16. hxg5 Bxg5 17. g4 Bxg4 18. Qg3 Bh4 19. fxg4 Nxg4 20. Qh3 Rxf1+ 21.
Bxf1 Ndf6 22. Ng3 Bxg3 23. Qxg3 Kh8 24. Qh3 Qf5 25. Bd3 e4 26. Nxe4 Nxe4 27.
Be3 Rg8 28. Bxe4 Nxe3+ 0-1

[Event "G7-1 2012"]
[Site "Helsingor"]
[Date "2012.04.09"]
[Round "7"]
[White "Oland, Arne"]
[Black "Christensen, Casper"]
[Result "0-1"]
[WhiteElo "1878"]
[BlackElo "1886"]
[PlyCount "50"]
[EventDate "2012.??.??"]
[EventCountry "DEN"]

1. d4 Nf6 2. c4 g6 3. Nc3 Bg7 4. e4 d6 5. Be2 c5 6. d5 O-O 7. Nf3 e6 8. O-O
exd5 9. cxd5 Re8 10. Nd2 a6 11. a4 Nfd7 12. a5 b5 13. axb6 Nxb6 14. Re1 f5 15.
Bb5 axb5 16. Rxa8 Nxa8 17. Nxb5 Qd7 18. Nc3 Nb6 19. Nf3 Bxc3 20. bxc3 fxe4 21.
Ng5 Qf5 22. Qb3 N8d7 23. Ne6 c4 24. Qb5 Rxe6 25. dxe6 Qxb5 0-1